El don de la sensibilidad : en la infancia : cómo ayudar a tu hijo cuando el mundo le abruma /
Salvato in:
| Autore principale: | |
|---|---|
| Natura: | Libro |
| Lingua: | spagnolo |
| Pubblicazione: |
Barcelona, España :
Obelisco,
2019, c2017
|
| Edizione: | 2a edición |
| Serie: | (Psicología Obelisco)
|
| Soggetti: | |
| Tags: |
Nessun Tag, puoi essere il primo ad aggiungerne!!
|
MARC
| LEADER | 00000nam^a2200000^a^4500 | ||
|---|---|---|---|
| 001 | 000557467 | ||
| 005 | 20250521000000.0 | ||
| 009 | 20260526152708.743 | ||
| 020 | |a 978-84-9111-191-7 | ||
| 037 | |a Acervo ITESO - Biblioteca | ||
| 041 | |a ESP | ||
| 082 | |a 155. 23 |b ARO | ||
| 100 | |a Aron, Elaine N. |e (autor) | ||
| 240 | 1 | 4 | |a [El don de la sensibilidad] |
| 245 | 1 | 3 | |a El don de la sensibilidad : |b en la infancia : cómo ayudar a tu hijo cuando el mundo le abruma / |c E.N. Aron ; tr. por Antonio Cutanda. |
| 250 | |a 2a edición | ||
| 264 | 4 | |a Barcelona, España : |b Obelisco, |c 2019, c2017 | |
| 300 | |a 402 p. | ||
| 336 | |a texto |b txt |2 rdacontenido | ||
| 337 | |a sin mediación |b n |2 rdamedio | ||
| 338 | |a volumen |b nc |2 rdasoporte | ||
| 440 | 1 | |a (Psicología Obelisco) | |
| 500 | |a Traducción de: The Highly Sensitive Child | ||
| 521 | |a Peticiones 2023 | ||
| 649 | |a XX | ||
| 650 | |a Niños - |x Cuidado e Higiene | ||
| 650 | |a Padres - |x Condiciones Psicológicas | ||
| 650 | |a Relaciones Padres-Hijos - |x Aspectos Psicológicos - |x Tema Principal | ||
| 650 | |a Sentidos y Sensaciones | ||
| 650 | |a Sentimientos | ||
| 650 | |a Afectividad - |x Tema Principal | ||
| 650 | |a Identidad Personal | ||
| 650 | |a Personalidad - |x Tema Principal | ||
| 650 | |a Psicología | ||
| 910 | |a Fondo General | ||
| 920 | |a Impresos - Libros | ||
| 930 | |a Colección General | ||
| 905 | |a 101 | ||
| 901 | |a 0500396046 |b IT1 |c ACC |i C182059 |u 20250521 | ||
| 902 | |a https://opac.biblio.iteso.mx/vufind/Record/000557467 | ||